ARRUPE JESUIT UNIVERSITY

CORONAVIRUS -STOP THE SPREAD - CLEAN,DISINFECT,COVER

Pedagogy of hope (Record no. 9844)

MARC details
000 -LEADER
fixed length control field 00469nam a2200205Ia 4500
003 - CONTROL NUMBER IDENTIFIER
control field 0100
008 - FIXED-LENGTH DATA ELEMENTS--GENERAL INFORMATION
fixed length control field 130303s9999 xx 000 0 und d
020 ## - INTERNATIONAL STANDARD BOOK NUMBER
International Standard Book Number 826405908
040 ## - CATALOGING SOURCE
Transcribing agency ARRUPELIB
050 ## - LIBRARY OF CONGRESS CALL NUMBER
Classification number LB880 .F732 P432 1994
100 ## - MAIN ENTRY--PERSONAL NAME
Personal name Freire, Paulo
245 ## - TITLE STATEMENT
Title Pedagogy of hope
245 ## - TITLE STATEMENT
Remainder of title reliving pedagogy of the oppressed
260 ## - PUBLICATION, DISTRIBUTION, ETC. (IMPRINT)
Place of publication, distribution, etc New York
260 ## - PUBLICATION, DISTRIBUTION, ETC. (IMPRINT)
Name of publisher, distributor, etc Continuum
260 ## - PUBLICATION, DISTRIBUTION, ETC. (IMPRINT)
-- 1994
300 ## - PHYSICAL DESCRIPTION
Extent 240 p.
700 ## - ADDED ENTRY--PERSONAL NAME
Personal name Paulo Freire
942 00 - ADDED ENTRY ELEMENTS (KOHA)
Koha issues (borrowed), all copies 7
Holdings
Withdrawn status Lost status Source of classification or shelving scheme Damaged status Not for loan Collection code Home library Current library Shelving location Date acquired Total Checkouts Full call number Barcode Date last seen Date checked out Copy number Price effective from Koha item type Checked out
    Library of Congress Classification     Main Collection ARRUPE LIBRARY ARRUPE LIBRARY   04/03/2013 7 LB880 .F732 P432 1994 46003051449 13/01/2020 27/02/2019 1 04/03/2013 Monograph ( Printed materials)  
    Library of Congress Classification     Main Collection ARRUPE LIBRARY ARRUPE LIBRARY   07/03/2013 13 LB880.F732P432 1994 46003071282 17/11/2016 17/11/2016 2 07/03/2013 Monograph ( Printed materials) 01/12/2016

 

Arrupe Library. PO Box MP320 Mt Pleasant, Harare, Zimbabwe
263 242 745411|librarian@aju.ac.zw